Bharatiya rajnaitik chintadhara (Record no. 6083)

MARC details
000 -LEADER
fixed length control field 00593cam a2200229ua 4500
008 - FIXED-LENGTH DATA ELEMENTS--GENERAL INFORMATION
fixed length control field 150622n ii |||gr||||Z||||||asm
020 ## - INTERNATIONAL STANDARD BOOK NUMBER
International Standard Book Number 9788186860847
040 ## - CATALOGING SOURCE
Transcribing agency MAIN
041 ## - LANGUAGE CODE
-- asm
082 ## - DEWEY DECIMAL CLASSIFICATION NUMBER
Classification number 320.50954
100 ## - MAIN ENTRY--PERSONAL NAME
Personal name Das, Deepan,
Relator term
245 ## - TITLE STATEMENT
Title Bharatiya rajnaitik chintadhara
Statement of responsibility, etc. by Deepan Das
250 ## - EDITION STATEMENT
Edition statement 1st ed.
260 ## - PUBLICATION, DISTRIBUTION, ETC.
Place of publication, distribution, etc. Dibrugarh:
Name of publisher, distributor, etc. National library,
Date of publication, distribution, etc. 2013.
300 ## - PHYSICAL DESCRIPTION
Extent 230p.
700 ## - ADDED ENTRY--PERSONAL NAME
Personal name Borah, Durlav,
Relator term
700 ## - ADDED ENTRY--PERSONAL NAME
Personal name Das, Dhiraj Kr,
Relator term
942 ## - ADDED ENTRY ELEMENTS (KOHA)
Koha item type Books
653 ## - INDEX TERM--UNCONTROLLED
Uncontrolled term Political science
653 ## - INDEX TERM--UNCONTROLLED
Uncontrolled term Indian political thought
Holdings
Withdrawn status Lost status Damaged status Not for loan Home library Current library Shelving location Date acquired Total Checkouts Full call number Barcode Date last seen Date last checked out Copy number Price effective from Koha item type
        Central Library, Naharkatiya College Central Library, Naharkatiya College General Stacks 19/09/2020 6 320.50954 | DAS 22277 10/12/2021 16/11/2021 1 19/09/2020 Books
        Central Library, Naharkatiya College Central Library, Naharkatiya College General Stacks 19/09/2020 3 320.50954 | DAS 22278 12/04/2021 03/04/2021 2 19/09/2020 Books

Naharkatiya College © 2020. All rights reserved.

Powered By